ბათუმის შოთა რუსთაველის სახელმწიფო უნივერსიტეტის ბიბლიოთეკა

ინსტიტუტის დაარსების 60 წლისთავისადმი მიძღვნილი სამეცნიერო კონფერენციის მასალები(თბილისი,2მაისი,2006) (ბიბ.ჩანაწერი № 34805)

000 -LEADER
fixed length control field 01129nam a2200229Ia 4500
001 - CONTROL NUMBER
control field 615
003 - CONTROL NUMBER IDENTIFIER
control field GE_BSU
008 - FIXED-LENGTH DATA ELEMENTS--GENERAL INFORMATION
fixed length control field 181216s||||||||xx |||||||||||||| ||und||
020 ## - INTERNATIONAL STANDARD BOOK NUMBER
International Standard Book Number 9992843373
040 ## - CATALOGING SOURCE
Transcribing agency GE_BSU
080 ## - UNIVERSAL DECIMAL CLASSIFICATION NUMBER
Universal Decimal Classification number 1(063)
245 ## - TITLE STATEMENT
Title ინსტიტუტის დაარსების 60 წლისთავისადმი მიძღვნილი სამეცნიერო კონფერენციის მასალები(თბილისი,2მაისი,2006)
245 ## - TITLE STATEMENT
Remainder of title სავლე წერეთლის ფილოსოფიის ინსტიტუტი
245 ## - TITLE STATEMENT
Statement of responsibility, etc. რედ. ირაკლი კალანდია,მიხეილ მახარაძე
260 ## - PUBLICATION, DISTRIBUTION, ETC.
Place of publication, distribution, etc. ბათუმი
260 ## - PUBLICATION, DISTRIBUTION, ETC.
Name of publisher, distributor, etc. ალიონი
260 ## - PUBLICATION, DISTRIBUTION, ETC.
Date of publication, distribution, etc. 2007
300 ## - PHYSICAL DESCRIPTION
Extent 143გვ.
653 ## - INDEX TERM--UNCONTROLLED
Uncontrolled term ინსტიტუტის დაარსების 60 წლისთავისადმი მიძღვნილი სამეცნიერო კონფერენციის მასალები
942 ## - ADDED ENTRY ELEMENTS (KOHA)
Koha item type წიგნი
ეგზემპლარები
Withdrawn status Lost status Damaged status Not for loan Date acquired Barcode Date last seen Price effective from Koha item type
        2018-12-17 1611 2018-12-17 2018-12-17 წიგნი